000
00290nam a22001457a 4500
008
230911b ||||| |||| 00| 0 eng d
020
_a
0882021702
041
_a
eng
080
_a
621
082
_a
621STE
100
_a
19
101
_a
IE
245
_a
STEFFENS .J.H
942
_2
udc
_c
BK
999
_c
60315
_d
60315